| 000 | 00917cam a2200253 a 4500 | ||
|---|---|---|---|
| 001 | 83575 | ||
| 003 | BD-RjUL | ||
| 005 | 20240424132759.0 | ||
| 008 | 930212s1992 ii 000 0 urdo | ||
| 020 | _cRs90.00 | ||
| 035 | _a(BD-RjUL)83575 | ||
| 040 |
_aDLC _cDLC _dDLC _beng |
||
| 041 | _aurd | ||
| 082 |
_223 _a891.55092 _bJAC 1992 |
||
| 100 | 1 |
_aجائسى، کبىر احمد،;;, Kabīr Aḥmad, _d1934-2013. _912698 |
|
| 245 | 1 | 0 |
_aChand Īrān shanās / _cکبىر احمد جائسى., ;; Kabir Aḥmad Jāʼisī. |
| 260 |
_aʻAlīgaṛh : _bادارۂ علوم اسلامىه، اے. اىم. ىو.،;; ʻUlūm-i Islāmiyah, Ae. Em. Yū., _c1992. |
||
| 300 |
_a200 p. ; _c22 cm. |
||
| 500 | _aIn Urdu. | ||
| 520 | _aLife and works of some Persian authors. | ||
| 650 | 0 |
_aPersian literature _xHistory and criticism. _99865 |
|
| 650 | 0 |
_aAuthors, Persian _y20th century _xBiography. _912699 |
|
| 942 |
_2ddc _cBK |
||
| 999 |
_c83575 _d83575 |
||